Analýza aspektov spoločenskej zodpovednosti a ich vplyv na riadenie podnikov
Vývoj spoločenskej zodpovednosti podnikania a budúce trendy. Hlavné princípy spoločenskej zodpovednosti. Charakteristika normy ISO 26000, ktorá poskytuje usmernenie vo vzťahu k základným princípom spoločenskej zodpovednosti. Vnímanie a uplatňovanie princípov spoločenskej zodpovednosti.
Saved in:
| Main Author: | |
|---|---|
| Format: | Book Chapter |
| Language: | Slovak |
| Subjects: | |
| Tags: |
No Tags, Be the first to tag this record!
|
MARC
| LEADER | 00000naa a2200000 4500 | ||
|---|---|---|---|
| 001 | 0282668 | ||
| 005 | 20240417075158.6 | ||
| 041 | 0 | |a slo | |
| 044 | |a SK | ||
| 245 | 1 | 0 | |a Analýza aspektov spoločenskej zodpovednosti a ich vplyv na riadenie podnikov |c Pavol Križo |
| 520 | |a Vývoj spoločenskej zodpovednosti podnikania a budúce trendy. Hlavné princípy spoločenskej zodpovednosti. Charakteristika normy ISO 26000, ktorá poskytuje usmernenie vo vzťahu k základným princípom spoločenskej zodpovednosti. Vnímanie a uplatňovanie princípov spoločenskej zodpovednosti. | ||
| 610 | 2 | 0 | |a zodpovednosť podniku spoločenská |
| 610 | 2 | 0 | |a riadenie podnikové |
| 610 | 2 | 0 | |a podnik |
| 610 | 2 | 0 | |a normy ISO |
| 610 | 2 | 0 | |a morálka |
| 610 | 2 | 0 | |a správanie |
| 100 | 1 | |a Križo, Pavol | |